Biggles And The Black Peril (Record no. 1233792)

MARC details
000 -LEADER
fixed length control field 00494nam a2200193Ia 4500
008 - FIXED-LENGTH DATA ELEMENTS--GENERAL INFORMATION
fixed length control field 151121s9999||||xx |||||||||||||| ||und||
082 ## - DEWEY DECIMAL CLASSIFICATION NUMBER
Classification number 823/JOH
082 ## - DEWEY DECIMAL CLASSIFICATION NUMBER
Item number HNW-48061
100 ## - MAIN ENTRY--PERSONAL NAME
Personal name Johns W। E।
245 ## - TITLE STATEMENT
Title Biggles And The Black Peril
260 ## - PUBLICATION, DISTRIBUTION, ETC. (IMPRINT)
Name of publisher, distributor, etc "Dean & Son Ltd, London।"
260 ## - PUBLICATION, DISTRIBUTION, ETC. (IMPRINT)
Date of publication, distribution, etc --
300 ## - PHYSICAL DESCRIPTION
Extent 184
600 ## - SUBJECT ADDED ENTRY--PERSONAL NAME
Personal name Johns W। E।
630 ## - SUBJECT ADDED ENTRY--UNIFORM TITLE
Uniform title Biggles And The Black Peril
700 ## - ADDED ENTRY--PERSONAL NAME
Personal name Johns W। E।
730 ## - ADDED ENTRY--UNIFORM TITLE
Uniform title Biggles And The Black Peril
942 ## - ADDED ENTRY ELEMENTS (KOHA)
Koha item type Book
Holdings
Withdrawn status Lost status Damaged status Not for loan Home library Current library Date acquired Total Checkouts Full call number Barcode Date last seen Price effective from Koha item type
        Hirachand Nemchand Wachanalaya, Solapur Hirachand Nemchand Wachanalaya, Solapur 11/21/2015   HNW-48061 HNW-48061 11/21/2015 11/21/2015 Book